| 000 | 00461nam a22001577a 4500 | ||
|---|---|---|---|
| 003 | OSt | ||
| 005 | 20220930182401.0 | ||
| 008 | 220930b |||||||| |||| 00| 0 eng d | ||
| 040 | _cBiblioteca Lado V | ||
| 082 |
_a708 _bL451i |
||
| 100 |
_949 _aLebrero Stals, Jose _ecurador |
||
| 245 | _aInstantCities/ | ||
| 260 |
_aBarcelona _bStedelijk Museum voor Actuele Kunst Gent _c1998 |
||
| 300 |
_a44p. _c22x27cm |
||
| 942 |
_2ddc _c1 _h708 _iL451i _n0 |
||
| 999 |
_c2160 _d2160 |
||